00909cam a22002531 450000100060000000300080000600500170001400800410003103500190007203500190009104000480011004100080015808200240016610000340019024500980022426000480032230000550037050000680042550400380049365000360053165000210056770000160058885600510060419653BD-RjUL20211209000447.0140225r19651910nyu 000 1deng d a(BD-RjUL)19713 a(OCoLC)2470037 aDLCcArLUAdArLUAdOCoLCdDLCdBD-RjULbeng aeng00a823.3bSPF V-2 19651 aSpenser, Edmund,d1552?-1599.14aThe Faerie queene /cby Edmund Spenser; with an introduction by William P. Trent.nVolume Two aNew York :bCrowell,c1910 [Reprinted 1965] a1 p. l., xxvii, 582 p. :bfront. (port.) ;c19 cm. a"Life of Edmund Spenser," by J. Walker McSpadden: p. xix-xxvii. a"Bibliographical note": p. xviii. 0aKnights and knighthoodvPoetry. 0aVirtuesvPoetry.1 aHales, J. W41uhttp://hdl.loc.gov/loc.gdc/scd0001.00140449349